000 01205cam a2200205 4500
001 WB4016-13
008 040427n2004 000 0 eng u
035 _a(Sirsi) u126012
245 _aCommercial lease reform consultation
260 _c2004
490 _aODPM News Release
_v(2004/0106) 23 April 2004 (2)
520 _aThe government will consult shortly on options to make the commercial lease market fairer and more flexible following the publication of "Monitoring the 2002 code of practice for commercial leases: interim report" from Reading University, which shows that many business tenants are still subject to upward only rent review provisions and other restrictions. RICS criticises this move as premature being based only on the interim review and not the full Reading report. The interim report is available at http://www.odpm.gov.uk/pns//pnattach/20040106/1.pd f; the commercial lease code at http://www.commercialleasecodeew.co.uk/.
590 _aWB
590 _aWB
650 _aUPWARD ONLY RENT REVIEWS
650 _aCOMMERCIAL LEASES
650 _aCODE FOR LEASING BUSINESS PREMISES IN ENGLAND AND WALES
690 _aLANDLORD AND TENANT-BUSINESS TENANCIES
942 _n0
999 _c117250
_d117250